| 000 | 00407nam a22001817a 4500 | ||
|---|---|---|---|
| 003 | NUST | ||
| 020 | _a0060453133 | ||
| 038 | _akhadija | ||
| 082 |
_a620.112 _bPYT |
||
| 100 |
_aPYTEL,ANDERW. _982607 |
||
| 245 | _aStrength of Materials | ||
| 250 | _a4th | ||
| 260 |
_aLahore, _bNational Book Foundation. _c2009. |
||
| 300 |
_a594 p. ; _b20 cm |
||
| 500 | _apaperback. | ||
| 563 | _aPB | ||
| 942 |
_cBK _2ddc |
||
| 999 |
_c32623 _d32623 |
||